000
00342nam a2200145Ia 4500
008
150201s1975 xx 000 0 und d
082
_a
612.O15
_b
B1975S
100
_a
STRYER ,LUBERT
245
_a
BIOCHEMISTRY
250
_a
1ST
260
_b
FREEMAN PUBLICATION
_a
DELHI
_c
1975
300
_a
1-877
650
_a
BIOCHEMISTRY
942
_2
ddc
_c
BK
999
_c
3241
_d
3241